000 00575nam a2200193Ia 4500
005 20250508152246.0
008 008 250505s9999 xx 000 0 eng d
037 _aTextual
040 _aFEDL
_beng
_cFEDL
041 _aeng
_2eng
084 _a374, PEE
_qFEDL
100 _aPeers Robert
245 0 _aAdult education : A comparative study
260 _aLondon, UK
_bRoutledge and Kegan Paul
_c1958
300 _axiv,365p
490 _aInternational library of sociology and social reconstruction
942 _cTEXL
_h374, PEE
999 _c1335345
_d1335345